00404nam a22001217a 450000500170000000800410001704000070005804100120006508200200007710000060009724501650010365000140026820240313095641.0240313b ||||| |||| 00| 0 eng d cAL aEnglish 223a615.1bPHAR a- aStudy on the Pharmaceutical Industry in India and Marketing of Pharmaceutical products with special reference to M/s Beta Agencies and trading company Mangalore a1992-1995